| 000 | 00860nam a2200217 a 4500 | ||
|---|---|---|---|
| 001 | 78618 | ||
| 003 | BD-RjUL | ||
| 005 | 20211209083141.0 | ||
| 008 | 211021s1978 ja ||||| |||| 00| 0 eng d | ||
| 035 | _a(BD-RjUL)78844 | ||
| 040 |
_aBD-RjUL _beng _cBD-RjUL |
||
| 041 | _aeng | ||
| 082 |
_223 _a015.52 _bANN 1978 |
||
| 245 |
_aAnnotated catalogue of books published in Japan : _b274 selected books written in Japanese, 1976-1977 together with 2,000 recent books written in Western languages / _ccomp. by Publishers Association for Cultural Exchange, Tokyo. |
||
| 260 |
_aTokyo : _bPublishers Association for Cultural Exchange, _c1978 |
||
| 300 |
_axiv, 261 pages ; _c 21 cm. |
||
| 650 |
_aBibliographies, National _zJapan _9249235 |
||
| 700 |
_a _9249238 |
||
| 710 |
_acomp. by Publishers Association for Cultural Exchange, Tokyo. _9249237 |
||
| 942 |
_2ddc _cBK |
||
| 999 |
_c78618 _d78618 |
||